| 000 | 00400nam a22001577a 4500 | ||
|---|---|---|---|
| 003 | OSt | ||
| 008 | 240510b |||||||| |||| 00| 0 eng d | ||
| 020 | _a9789355739063 | ||
| 082 | _a332DUF | ||
| 100 | _aDURAN, Randall E | ||
| 245 | _aFinancial Services Technology: Processes, Architecture and Solutions | ||
| 250 | _a2nd. ed | ||
| 260 |
_aDelhi _bCengage _c2024 |
||
| 300 | _a591 | ||
| 942 |
_2ddc _cBK |
||
| 999 |
_c12686 _d12686 |
||